000 00719nam a2200205 a 4500
001 2067
003 CO-ViMGA
008 141112s2004 ck r 000 u spa d
040 _aCO-ViMGA
_bspa
_cCO-ViMGA
082 0 4 _a155.4 B743
100 1 _aBriggs, Dorothy Corkille
_950809
245 1 0 _aEl niño feliz :
_bsu clave psicologica /
_cDorothy Corkille
250 _a13a
260 _aBarcelona :
_bGedisa,
_c1970
300 _a251 p
505 _aEl fenómeno de los espejos 25 - - El clima del amor 63 - - Los sentimientos negativos y la autoestima 145 - - El crecimiento mental y la autoestima 145 - - Sexo y autoestima 217
650 1 4 _aPSICOLOGIA
_95002
650 1 4 _aPSICOLOGIA INFANTIL
_91631
942 _2ddc
_cBK
999 _c14210
_d14210